000 00324nam a2200121Ia 4500
008 240624s9999 xx 000 0 und d
041 _aeng
082 _a332.6327 IIB
100 _aINDIAN INSTITUTE OF BANKING FINANCE
245 _aMUTUAL FUNDS PRODUCTS AND SERVICES
260 _c2009
_aNew Delhi
_bTaxmann
365 _cRS
_b25
999 _c14009
_d14009